| Record ID | marc_openlibraries_sanfranciscopubliclibrary/sfpl_chq_2018_12_24_run02.mrc:215904483:1600 |
| Source | marc_openlibraries_sanfranciscopubliclibrary |
| Download Link | /show-records/marc_openlibraries_sanfranciscopubliclibrary/sfpl_chq_2018_12_24_run02.mrc:215904483:1600?format=raw |
LEADER: 01600cam a2200433 a 4500
001 44669807
003 OCoLC
005 20151005031843.0
008 000718s2000 nyua b 001 0 eng
010 $a00060559
020 $a1581150644 (pbk.) :$c$19.95
035 $a44669807
035 $aLCMARC/AYX-6819/LINDADG
040 $aDLC$cDLC$dOCoLC$dUtOrBLW
042 $apcc
050 00 $aNC998$b.H455 2000
082 00 $a741.6/09/04$221
092 $a741.609$bH367g
100 1 $aHeller, Steven.
245 10 $aGraphic design timeline :$ba century of design milestones /$cSteve Heller, Elinor Pettit.
246 30 $aGraphic design time line
260 $aNew York :$bAllworth Press,$cc2000.
300 $axi, 259 p. :$bill. ;$c25 cm
336 $atext$btxt$2rdacontent
337 $aunmediated$bn$2rdamedia
338 $avolume$bnc$2rdacarrier
504 $aIncludes bibliographical references (p. 247-249) and index.
650 0 $aCommercial art$xHistory$y20th century.
650 0 $aGraphic arts$xHistory$y20th century.
700 1 $aPettit, Elinor.
907 $a.b17186675$b11-21-18$c07-21-03
998 $axam$b07-01-03$cm$da $e-$feng$gnyu$h0$i2
957 00 $aOCLC reclamation of 2017-18
907 $a.b17186675$b12-02-14$c07-21-03
956 $aNo pre-reclamation 001 field existed
998 $axam$b07-01-03$cm$da$e-$feng$gnyu$h0$i2
999 $yMARS
998 $axam$b07-01-03$cm$da$e-$feng$gnyu$h0$i1
945 $a741.609 H367g$d11-28-2018 10:25$e - - $f1$g0$h - - $i31223056333694$j0$0800$k01-09-19$lxamci$o-$p$19.95$q-$r-$s- $t1$u1$v1$w1$x0$y.i30979572$z08-07-03